| 000 | 01083nam a22002777a 4500 | ||
|---|---|---|---|
| 001 | 8054 | ||
| 003 | FISKH | ||
| 005 | 20250819163608.0 | ||
| 008 | 250819b cb ||||| |||| 00| 0 eng d | ||
| 020 | _a9780578021102 | ||
| 040 |
_aFISKH _beng _cFISKH _dFISKH |
||
| 050 | _aBR115.P7 A38 | ||
| 100 | _aWolfendon, Andrew | ||
| 245 |
_aA winning dream / _cStory by Andrew Wolfendon : Illustrations by Berne Williams |
||
| 250 | _aFirst Edition | ||
| 260 |
_aCalifornia : _bThe de Sales Group, LLC , _c2009. |
||
| 300 |
_a32 unnumbered pages : _bcolor illustrations ; _c22 X22 cm . |
||
| 490 |
_aMy Storytime Friends _vBook 1 |
||
| 505 | _aK | ||
| 520 | _aBrady Bear, a bear that loves to run, is not very good at it. He ends up finding a sport that he is really good at, and in his first race he gives up first place to help save a Little Bear that ends up in danger. This incident leads to Brady Bears career. | ||
| 521 | 8 |
_a510
_bLexile estimate |
|
| 521 | 8 |
_aK
_bRaz-Plus |
|
| 700 |
_aWilliams , Berne _eIllustrator |
||
| 942 |
_2ddc _cBK _n0 |
||
| 999 |
_c8054 _d8054 |
||